[Event "Sinquefield Cup 1st"]
[Site "Saint Louis"]
[Date "2013.09.13"]
[Round "4"]
[White "Kamsky, Gata"]
[Black "Carlsen, Magnus"]
[Result "0-1"]
[WhiteElo "2741"]
[BlackElo "2862"]
[Annotator "Ramirez Alvarez,A"]
[PlyCount "118"]
[EventDate "2013.09.09"]
[EventType "tourn"]
[EventRounds "6"]
[EventCountry "USA"]
[EventCategory "22"]
[SourceTitle "CBM 157"]
[Source "ChessBase"]
[SourceDate "2013.11.12"]
[SourceVersion "1"]
[SourceVersionDate "2013.11.12"]
[SourceQuality "1"]

1. e4 e5 2. Nf3 Nc6 3. Bb5 a6 {Kamsky seemed to have not expected Carlsen to
go for this variation specifically. He thought for a few minutes before
deciding that the best course of action was to go into the quiet waters of the
exchange Spanish.} 4. Bxc6 dxc6 5. O-O f6 6. d4 Bg4 7. dxe5 (7. c3 {was
Fischer's favorite, but neither this move nor the move in the game are
considered dangerous for Black nowadays.}) 7... Qxd1 8. Rxd1 fxe5 9. Rd3 {
A common rook lift, the idea being that if White had played instead} (9. Nbd2
O-O-O {it becomes difficult to develop his pieces.}) 9... Bd6 10. Nbd2 Nf6 11.
Nc4 {White's play revolves around the weakened e5-pawn - taking it and playing
with the remaining passed pawn while Black has no chance at creating one
himself on the queenside. However Black's piece activity has been considered
for some time to give him a perfetly good game.} O-O 12. Nfxe5 Be2 13. Re3 Bxc4
14. Nxc4 Ng4 $1 {More accurate than the other move. At least here White has
some chances of going wrong.} (14... Bc5 {is a known draw:} 15. Re1 Rae8 16.
Be3 Bxe3 17. Rxe3 Rxe4 18. Rxe4 Nxe4 19. f3 Nd6 {and although White should be
minimally better becaues of the structure, no one has been able to win this
position.}) 15. Re2 Bxh2+ 16. Kf1 $6 {And he starts doing so almost
immediately. The king is safer and better placed on h1.} Rae8 17. Nd2 $6 {
It's going to become incredibly hard to develop because of the self-pin.} (17.
c3 {just passing and allowing some breathing room on the second rank was much
better.}) 17... Rd8 $1 {The World number one shows that he is in a class of
his own. With the rook going back and forth, he has now secured a pin on the
d-file that causes White's development to stall almost completely.} 18. f3 Bg3
19. Kg1 Ne5 20. b3 Ng6 $1 {Magnus moves are all precise, with the goal of not
allowing White easily development.} 21. Nf1 Be5 22. c3 $2 {Panic.} (22. Rb1 Rd1
23. Rd2 Bd4+ 24. Kh2 Rxf1 25. Rxd4 Nf4 26. Rd7 Rf6 27. Bxf4 $1 Rxb1 28. Be5 {
is unpleasant, but White's activity gives him excellent chances to draw.})
22... Bxc3 23. Bb2 Nf4 24. Rc2 Ba5 {The Norwegian wants to keep as many pieces
on the board as possible, especially with the somewhat exposed king, but there
was nothing wrong with simplifying the position and exploiting the material
advantage.} 25. Ng3 g6 26. Rf1 Rd3 27. Kh2 Bb4 28. Ne2 Ne6 29. Nc1 Rd7 30. g3
Rfd8 31. Kg2 Kf7 32. f4 h5 33. Kh3 a5 34. Kg2 Nc5 35. Kf3 Nd3 36. Re2 Be7 $2 {
Allowing White some hope.} (36... Nxb2 37. Rxb2 Ba3 38. Rc2 Rd2 {and it will
be very hard for White to hold this position as a2 will soon fall as well.})
37. Nxd3 Rxd3+ 38. Kg2 Bc5 $6 {The extra pawn still gives Black excellent
chances to win, but the advantage is slipping move by move. The bishop is not
well placed on c5 as it might be forced back to b6 in a defensive position.}
39. Rc1 $6 (39. Be5 $1 {would have at least forced Black to find an active
idea to defend c7.} Bd6 40. Bb2 {and now any move by the bishop will be met
with Be5 again.}) 39... Rd2 40. Rc2 Rxe2+ 41. Rxe2 {Time control has been
reached. Black is still up a pawn, but will have a tough technical job ahead
of him after missing many ways of finishing his opponent off.} Rd3 42. Rc2 Bd6
43. Bc1 Be7 44. Kf2 a4 45. Rd2 Rxd2+ $2 {A strange decision. The bishop
endgame looks less promising than the rook endgame.} (45... Bc5+ $1 46. Kg2 Rc3
47. Bb2 Re3 48. Bd4 Bxd4 49. Rxd4 a3 $1 {gives black great winning chances.})
46. Bxd2 axb3 47. axb3 c5 48. g4 $6 {Not necessarily losing, but why create a
free passed pawn for Black? Much more tenacious was to simply wait and keep
the king on e2-d3, forcing Black to figure out a plan of action.} b5 49. gxh5
gxh5 50. Bc3 $2 {The final blunder.} (50. Kf3 b4 51. Be3 {should still be
somehow winning for Black, but it's much more difficult to figure out.}) 50...
b4 51. Bb2 Bh4+ {Not the most precise but also winning.} 52. Ke2 Bg3 {The
combined action between the passed pawn on h4 and the threats of breaking on
c4 and exchanging bishops gives Carlsen the win. Here he is pushing the f-pawn
forward so he will be able to easily trade bishops later.} 53. f5 h4 54. e5 h3
55. e6+ (55. Kf3 Bh4 56. Ba1 Be1 $19) 55... Ke7 56. Kf3 Bf4 57. Bg7 Bg5 58. Be5
c4 59. bxc4 Bf6 {White has two passed pawns, but they are worth nothing
compared to the outside passed pawns of Black, which will soon promote.} 0-1

[Event "Sinquefield Cup 1st"]
[Site "Saint Louis"]
[Date "2013.09.14"]
[Round "5"]
[White "Aronian, Levon"]
[Black "Kamsky, Gata"]
[Result "1/2-1/2"]
[WhiteElo "2813"]
[BlackElo "2741"]
[Annotator "Ramirez Alvarez,A"]
[PlyCount "88"]
[EventDate "2013.09.09"]
[EventType "tourn"]
[EventRounds "6"]
[EventCountry "USA"]
[EventCategory "22"]
[SourceTitle "CBM 157"]
[Source "ChessBase"]
[SourceDate "2013.11.12"]
[SourceVersion "1"]
[SourceVersionDate "2013.11.12"]
[SourceQuality "1"]

1. d4 f5 {Kamsky has used the Dutch many times before, and Levon has a bad
score against it and lost to Carlsen, so this comes as no surprise.} 2. c4 Nf6
3. Nc3 d6 4. Nf3 g6 5. Bf4 $5 {Aronian repeats the line that fared so poorly
against Carlsen.} Bg7 6. e3 O-O 7. Be2 Nc6 8. Bg3 {This is the point. White is
preparing d5, and Black doesn't have time to play e5 just yet.} h6 9. O-O Nh5
10. d5 (10. Bh4 $1 g5 11. d5 $1 {seemed better, forcing some weakenings on the
kingside and opening the d4-square for the knight, so for example after} Na5
12. Nd4 $14) 10... Nxg3 11. hxg3 Ne5 {Now the game is approximately balanced.}
12. Rc1 Nxf3+ 13. Bxf3 e5 14. dxe6 c6 15. b4 (15. Bd5 {is not a completely
ridiculous move, but that doesn't mean it's a good one.}) 15... g5 {Aggressive!
} 16. b5 (16. Qd3 {with more patience, was better} g4 17. Bd1 $1 {and now the
bishop quickly repositions to b3 while e2 is still avialable for the white
knight.}) 16... g4 17. Be2 Bxe6 18. bxc6 bxc6 19. Qa4 c5 20. Bd3 Be5 {White's
structural advantage is significant, but Black has a strong bishop on e5 and
he is about to push h5 followed by h4.} 21. Ne2 Bd7 22. Qd1 h5 23. Bc2 Qe8 24.
Nf4 Bc6 25. Re1 Rd8 26. Rb1 Qf7 27. Qd2 Qf6 28. Nxh5 $6 {Very optimistic. The
opening of the h-file is very strong for Black.} (28. Rb3 {keeping the status
quo was preferable.}) 28... Qh6 29. Nf4 Rd7 30. Nd5 Rh7 {Aronian must have
underestimated how quickly this rook swung to the h-file.} 31. Kf1 Qh1+ 32. Ke2
Qxg2 33. Rg1 Qf3+ 34. Kf1 Kg7 (34... Rh2 {immediately put more pressure on
White.} 35. Ne7+ Kg7 36. Nxc6 Qxc6 {the opposite colored bishops should favor
Black in this position.}) 35. Qd1 {The trade of queens simplifies White's task
but Black must still have an edge.} Bxd5 36. Qxd5 Qxd5 37. cxd5 {The passed
pawn is all that Black really has going for him, as the g1-rook won't be
locked up forever.} Kf6 38. Kg2 Rfh8 (38... c4 39. Rh1 Rxh1 40. Rxh1 {is an
endgame in which only Black can be better, but it will surely be a draw
nonetheless.}) 39. Rh1 Rxh1 40. Rxh1 Rxh1 41. Kxh1 {Without rooks there is no
chance at all to win this.} c4 42. Kg2 Bb2 43. Kf1 Ke5 44. Ke2 Kxd5 1/2-1/2

[Event "Sinquefield Cup 1st"]
[Site "Saint Louis"]
[Date "2013.09.15"]
[Round "6"]
[White "Kamsky, Gata"]
[Black "Nakamura, Hikaru"]
[Result "1/2-1/2"]
[WhiteElo "2741"]
[BlackElo "2772"]
[Annotator "Ramirez Alvarez,A"]
[PlyCount "67"]
[EventDate "2013.09.09"]
[EventType "tourn"]
[EventRounds "6"]
[EventCountry "USA"]
[EventCategory "22"]
[SourceTitle "CBM 157"]
[Source "ChessBase"]
[SourceDate "2013.11.12"]
[SourceVersion "1"]
[SourceVersionDate "2013.11.12"]
[SourceQuality "1"]

1. e4 c5 2. Nf3 d6 3. d4 cxd4 4. Nxd4 Nf6 5. Nc3 a6 6. Be3 Ng4 7. Bg5 h6 8. Bh4
g5 9. Bg3 Bg7 10. h3 Nf6 (10... Ne5 {is more common, after the move in the
game Kamsky started thinking.}) 11. Bc4 Qb6 {Exploiting the diagonal is part
of Black's idea in this set-up. Without activity on the dark squares none of
Black's moves make sense.} 12. Bb3 Nc6 (12... Nxe4 13. Nxe4 Qxd4 14. Qe2 $16 {
is just asking for trouble.}) 13. Nxc6 Qxc6 14. O-O g4 15. hxg4 Bxg4 16. Qd2 {
Black has problems as he will never find a safe haven for his king. Hikaru
wanted a double edged position to fight for first with a win, but Kamsky can
hold his own in complicated games.} Nd7 17. Nd5 Bxb2 18. Rab1 Be5 {Almost
forced.} (18... Bg7 19. Nxe7 Kxe7 20. Bd5 Qc5 21. Qf4 $1 {with an initiative.
This is not the only way White can play.}) 19. f4 Bg7 20. e5 $1 Nc5 21. Bh4
dxe5 $2 {Too optimistic.} (21... e6 {taking advantage that White can't play
Nf6:} 22. Nf6+ Bxf6 23. Bxf6 Ne4 {and Black's structure is solid and he
retains an extra pawn.}) 22. fxe5 Be6 23. Nxe7 Nxb3 24. cxb3 $6 (24. Rxb3 $1
Qc5+ 25. Kh1 $1 {is complex but better for White.}) 24... Qb6+ $2 (24... Qc5+
25. Kh1 Rd8 26. Qe1 Rd4 27. Bf6 Bxf6 28. exf6 Qh5+ 29. Kg1 Rh4 $11 {this
swinging of pieces to the kingside is of paramount importance.}) 25. Kh1 Rd8
26. Qe1 Rd4 27. Bf6 Bxf6 28. exf6 {Now there is no Qh5+.} Kd7 29. Rd1 $2 {
Letting the advantage slip.} (29. Rc1 $1 {The point of this move is that any
retreat of the knight cannot be answered with Bxf5 as Qe7 will be checkmate.}
Rd8 $6 30. Nf5 $1 Rd5 31. Qe4 $1 {is for example just winning.}) 29... Rd8 30.
Qg3 Ke8 31. Qg8+ Kd7 32. Qg3 Ke8 33. Qg8+ Kd7 34. Qg3 {Probably White has
little better than a perpetual. A crazy game that proved that even top level
chess players can go wrong with too many complications.} 1/2-1/2

[Event "EU-Cup 29th"]
[Site "Rhodes"]
[Date "2013.10.20"]
[Round "1.3"]
[White "Kamsky, Gata"]
[Black "Stubberud, Ornulf A"]
[Result "1-0"]
[WhiteElo "2725"]
[BlackElo "2327"]
[PlyCount "43"]
[EventDate "2013.10.20"]
[EventType "team-swiss"]
[EventRounds "7"]
[EventCountry "GRE"]
[SourceTitle "CBM 157"]
[Source "ChessBase"]
[SourceDate "2013.11.12"]
[SourceVersion "1"]
[SourceVersionDate "2013.11.12"]
[SourceQuality "1"]
[WhiteTeam "SOCAR"]
[BlackTeam "Oslo"]
[WhiteTeamCountry "AZE"]
[BlackTeamCountry "NOR"]

1. d4 d5 2. c4 e6 3. Nc3 Be7 4. Bf4 Nf6 5. e3 O-O 6. Nf3 b6 7. Bd3 dxc4 8. Bxc4
Bb7 9. O-O c5 10. Qe2 Ne4 11. Nxe4 Bxe4 12. Rfd1 Qc8 13. dxc5 Bxc5 14. Ne5 Qb7
15. Qg4 Bf5 16. Qg3 Kh8 17. Be2 f6 18. Bf3 Be4 19. Ng6+ Kg8 20. Bxe4 Qxe4 21.
Nxf8 e5 22. Ne6 1-0

[Event "EU-Cup 29th"]
[Site "Rhodes"]
[Date "2013.10.21"]
[Round "2.3"]
[White "Johansson, Linus"]
[Black "Kamsky, Gata"]
[Result "0-1"]
[WhiteElo "2321"]
[BlackElo "2725"]
[PlyCount "82"]
[EventDate "2013.10.20"]
[EventType "team-swiss"]
[EventRounds "7"]
[EventCountry "GRE"]
[SourceTitle "CBM 157"]
[Source "ChessBase"]
[SourceDate "2013.11.12"]
[SourceVersion "1"]
[SourceVersionDate "2013.11.12"]
[SourceQuality "1"]
[WhiteTeam "Limhamn"]
[BlackTeam "SOCAR"]
[WhiteTeamCountry "SWE"]
[BlackTeamCountry "AZE"]

1. d4 Nf6 2. c4 g6 3. g3 Bg7 4. Bg2 O-O 5. Nc3 d6 6. Nf3 Nbd7 7. O-O e5 8. e4
a6 9. d5 a5 10. Ne1 Nc5 11. Bg5 h6 12. Be3 b6 13. Nd3 Ng4 14. Nxc5 Nxe3 15.
fxe3 bxc5 16. Rf2 h5 17. Qf1 Qg5 18. Re1 h4 19. gxh4 Qxh4 20. Nb5 Bg4 21. Nxc7
Rad8 22. Nb5 Bh6 23. h3 Bh5 24. Kh2 Bg5 25. Nc3 Bg4 26. Kg1 Bc8 27. Rf3 f5 28.
exf5 Bxf5 29. e4 Bxh3 30. Rxh3 Rxf1+ 31. Rxf1 Qg4 32. Rff3 Rf8 33. Nb5 Rxf3 34.
Rxf3 Qh4 35. Nxd6 Qe1+ 36. Bf1 Be3+ 37. Kg2 Qd2+ 38. Kh3 Bf4 39. Bg2 Qe2 40. a3
g5 41. Rb3 Qh5# 0-1

[Event "EU-Cup 29th"]
[Site "Rhodes"]
[Date "2013.10.22"]
[Round "3.4"]
[White "Godena, Michele"]
[Black "Kamsky, Gata"]
[Result "0-1"]
[WhiteElo "2514"]
[BlackElo "2725"]
[PlyCount "106"]
[EventDate "2013.10.20"]
[EventType "team-swiss"]
[EventRounds "7"]
[EventCountry "GRE"]
[SourceTitle "CBM 157"]
[Source "ChessBase"]
[SourceDate "2013.11.12"]
[SourceVersion "1"]
[SourceVersionDate "2013.11.12"]
[SourceQuality "1"]
[WhiteTeam "Padova"]
[BlackTeam "SOCAR"]
[WhiteTeamCountry "ITA"]
[BlackTeamCountry "AZE"]

1. e4 c6 2. d4 d5 3. Nd2 dxe4 4. Nxe4 Nd7 5. Bc4 Ndf6 6. Ng5 Nd5 7. N5f3 g6 8.
Ne5 Bg7 9. Ngf3 Nh6 10. O-O O-O 11. Re1 Nf5 12. c3 a5 13. Bf1 Qe8 14. Bd2 f6
15. Nd3 Qf7 16. Qe2 b6 17. Rad1 Re8 18. Bc1 Nd6 19. h3 g5 20. Nd2 Bf5 21. c4
Nc7 22. Qf3 Ne6 23. Qe3 h5 24. b3 Qg6 25. Bb2 Bh6 26. d5 cxd5 27. cxd5 g4 28.
Qg3 Ng7 29. hxg4 hxg4 30. Rxe7 Rxe7 31. Qxd6 Rd7 32. Qc6 Re8 33. Nc4 g3 34.
Nxb6 Qh5 35. fxg3 Qxd1 36. Nxd7 Be3+ 37. Nf2 Qd2 38. Nxf6+ Kf7 39. N6g4 Bxf2+
40. Nxf2 Qxb2 41. g4 Bc8 42. Qc5 Qe5 43. Qxa5 Qd4 44. Qc7+ Kg8 45. Qc4 Qa7 46.
b4 Bd7 47. g5 Re1 48. d6+ Ne6 49. g6 Qe3 50. Qh4 Ng5 51. a4 Kg7 52. b5 Kxg6 53.
Qh8 Nh3+ 0-1

[Event "EU-Cup 29th"]
[Site "Rhodes"]
[Date "2013.10.23"]
[Round "4.3"]
[White "Tregubov, Pavel V"]
[Black "Kamsky, Gata"]
[Result "1/2-1/2"]
[WhiteElo "2606"]
[BlackElo "2725"]
[PlyCount "99"]
[EventDate "2013.10.20"]
[EventType "team-swiss"]
[EventRounds "7"]
[EventCountry "GRE"]
[SourceTitle "CBM 157"]
[Source "ChessBase"]
[SourceDate "2013.11.12"]
[SourceVersion "1"]
[SourceVersionDate "2013.11.12"]
[SourceQuality "1"]
[WhiteTeam "Clichy Echecs 92"]
[BlackTeam "SOCAR"]
[WhiteTeamCountry "FRA"]
[BlackTeamCountry "AZE"]

1. d4 d5 2. c4 c6 3. cxd5 cxd5 4. Bf4 e6 5. Nc3 Bd6 6. Bxd6 Qxd6 7. e3 Bd7 8.
Nf3 Nc6 9. Bd3 Nf6 10. O-O O-O 11. Rc1 Rfc8 12. h3 Be8 13. Qe2 Rd8 14. Rfd1
Rac8 15. Nd2 Nb4 16. Bb1 Qa6 17. Qxa6 Nxa6 18. Bd3 Nb8 19. Nb3 b6 20. f3 a5 21.
Kf2 Kf8 22. g4 h6 23. h4 Bc6 24. Rc2 Ne8 25. Rdc1 Nd6 26. Nd2 Be8 27. a3 Nc6
28. b3 Ne7 29. h5 f6 30. e4 Nc6 31. Ne2 e5 32. exd5 Nxd4 33. Nxd4 exd4 34. Nc4
Nb5 35. Nxb6 Rxc2+ 36. Rxc2 Nc3 37. Be4 Rb8 38. Nc4 Rxb3 39. Rd2 Nb5 40. a4 Nc3
41. Rxd4 Rb4 42. Bf5 Bxa4 43. d6 Nd1+ 44. Ke2 Nb2 45. d7 Bxd7 46. Rxd7 Nxc4 47.
Rd8+ Ke7 48. Rd7+ Kf8 49. Rd8+ Ke7 50. Rd7+ 1/2-1/2

[Event "EU-Cup 29th"]
[Site "Rhodes"]
[Date "2013.10.24"]
[Round "5.4"]
[White "Rublevsky, Sergei"]
[Black "Kamsky, Gata"]
[Result "1/2-1/2"]
[WhiteElo "2695"]
[BlackElo "2725"]
[PlyCount "192"]
[EventDate "2013.10.20"]
[EventType "team-swiss"]
[EventRounds "7"]
[EventCountry "GRE"]
[SourceTitle "CBM 157"]
[Source "ChessBase"]
[SourceDate "2013.11.12"]
[SourceVersion "1"]
[SourceVersionDate "2013.11.12"]
[SourceQuality "1"]
[WhiteTeam "Ugra"]
[BlackTeam "SOCAR"]
[WhiteTeamCountry "RUS"]
[BlackTeamCountry "AZE"]

1. e4 g6 2. d4 Bg7 3. Nc3 d6 4. Bg5 Nd7 5. Nf3 h6 6. Be3 e6 7. Qd2 a6 8. Bd3 b6
9. O-O-O Ne7 10. Rhe1 Bb7 11. d5 e5 12. g4 Nc5 13. Be2 Qd7 14. Rg1 Ng8 15. Ne1
Nf6 16. f3 Qe7 17. Kb1 b5 18. Nd3 Nxd3 19. cxd3 c6 20. dxc6 Bxc6 21. d4 exd4
22. Qxd4 Rd8 23. Qb6 Qb7 24. Rd2 Qxb6 25. Bxb6 Rd7 26. Rgd1 Ke7 27. Ba5 Ra8 28.
Bb4 Ne8 29. Nd5+ Bxd5 30. Rxd5 a5 31. Be1 Nc7 32. R5d2 Be5 33. Bg3 Bxg3 34.
hxg3 b4 35. Bc4 Rad8 36. Kc2 Na8 37. e5 dxe5 38. Rxd7+ Rxd7 39. Rxd7+ Kxd7 40.
Bxf7 g5 41. Kd3 Nb6 42. Ke4 Na4 43. b3 Nc3+ 44. Kxe5 Ke7 45. Bc4 Nxa2 46. Kf5
Nc3 47. Kg6 Nb1 48. f4 Nd2 49. Bd5 Kd6 50. Bf7 Ke7 51. f5 Ne4 52. Bc4 Nd6 53.
f6+ Kf8 54. Bd5 Ne8 55. Bg2 Nd6 56. Kxh6 a4 57. bxa4 b3 58. Bd5 b2 59. Ba2 Ne4
60. Bb1 Nc3 61. Bc2 Nxa4 62. Kxg5 Nc3 63. Kf5 b1=Q 64. Bxb1 Nxb1 65. g5 Nd2 66.
g6 Nf3 67. g4 Kg8 68. Kf4 Nd4 69. Kg5 Ne6+ 70. Kh6 Ng7 71. Kg5 Ne6+ 72. Kh5
Nf4+ 73. Kh6 Ne6 74. Kh5 Nf4+ 75. Kg5 Ne6+ 76. Kf5 Nd4+ 77. Ke4 Ne6 78. Ke5 Ng5
79. Kd6 Kf8 80. Kd5 Nf3 81. Ke6 Nh4 82. g7+ Kg8 83. Ke7 Ng6+ 84. Ke6 Nh4 85.
Ke7 Ng6+ 86. Ke8 Ne5 87. g5 Ng6 88. Kd7 Ne5+ 89. Ke6 Ng6 90. Kf5 Nh4+ 91. Ke5
Ng6+ 92. Ke6 Nf4+ 93. Kd6 Nh3 94. g6 Nf4 95. Ke5 Nxg6+ 96. Kf5 Nh4+ 1/2-1/2

[Event "EU-Cup 29th"]
[Site "Rhodes"]
[Date "2013.10.25"]
[Round "6.3"]
[White "Laznicka, Viktor"]
[Black "Kamsky, Gata"]
[Result "1-0"]
[WhiteElo "2666"]
[BlackElo "2725"]
[PlyCount "119"]
[EventDate "2013.10.20"]
[EventType "team-swiss"]
[EventRounds "7"]
[EventCountry "GRE"]
[SourceTitle "CBM 157"]
[Source "ChessBase"]
[SourceDate "2013.11.12"]
[SourceVersion "1"]
[SourceVersionDate "2013.11.12"]
[SourceQuality "1"]
[WhiteTeam "Novy Bor"]
[BlackTeam "SOCAR"]
[WhiteTeamCountry "CZE"]
[BlackTeamCountry "AZE"]

1. d4 d5 2. c4 c6 3. Nf3 Nf6 4. Nc3 a6 5. a4 e6 6. Bg5 Nbd7 7. e3 Qa5 8. Nd2
Bb4 9. Qc2 e5 10. Bh4 exd4 11. exd4 O-O 12. Be2 Re8 13. Nb3 Qc7 14. O-O Bd6 15.
Kh1 Ne4 16. Bd3 dxc4 17. Bxe4 cxb3 18. Bxh7+ Kh8 19. Qd3 Re6 20. Rae1 Nf8 21.
Be4 Rh6 22. Bg3 Bg4 23. Kg1 Ne6 24. Qc4 Bxg3 25. fxg3 Qb6 26. a5 Qxa5 27. h3
Qc7 28. hxg4 Qxg3 29. Qd3 Qh2+ 30. Kf2 Qh4+ 31. g3 Rf6+ 32. Kg2 Qxg4 33. Rxf6
gxf6 34. Ne2 Qg5 35. Qxb3 Kg7 36. Qxb7 Rd8 37. Qxc6 Qe3 38. Bf3 Nxd4 39. Qc3
Re8 40. Qxe3 Rxe3 41. Bh5 Re5 42. Kf2 Rxh5 43. Nxd4 Rh2+ 44. Kf3 Rxb2 45. Re8
Rb4 46. Nf5+ Kg6 47. g4 Kh7 48. Ra8 Rb6 49. Kg3 Rb3+ 50. Kh4 Rb6 51. Ra7 Kg6
52. Ne7+ Kh6 53. Nd5 Rd6 54. Nxf6 Kg6 55. Ne4 Rc6 56. Ng3 Rb6 57. Nf5 Re6 58.
Ra8 Rb6 59. Rh8 f6 60. Re8 1-0

[Event "EU-Cup 29th"]
[Site "Rhodes"]
[Date "2013.10.26"]
[Round "7.3"]
[White "Kamsky, Gata"]
[Black "Vitiugov, Nikita"]
[Result "1/2-1/2"]
[WhiteElo "2725"]
[BlackElo "2729"]
[PlyCount "109"]
[EventDate "2013.10.20"]
[EventType "team-swiss"]
[EventRounds "7"]
[EventCountry "GRE"]
[SourceTitle "CBM 157"]
[Source "ChessBase"]
[SourceDate "2013.11.12"]
[SourceVersion "1"]
[SourceVersionDate "2013.11.12"]
[SourceQuality "1"]
[WhiteTeam "SOCAR"]
[BlackTeam "St Petersburg"]
[WhiteTeamCountry "AZE"]
[BlackTeamCountry "RUS"]

1. d4 Nf6 2. Nf3 d5 3. g3 c6 4. Bg2 Bf5 5. c4 e6 6. Nc3 h6 7. O-O Nbd7 8. b3
Bb4 9. Bb2 Ne4 10. Nxe4 Bxe4 11. e3 O-O 12. Qe2 Qe7 13. a3 Bd6 14. Bh3 Nf6 15.
Nd2 Bh7 16. Bg2 a5 17. a4 Bb4 18. Nf3 Nd7 19. Rfd1 Rfd8 20. Ne1 dxc4 21. Qxc4
e5 22. e4 exd4 23. Rxd4 Ne5 24. Qe2 Rxd4 25. Bxd4 Rd8 26. Be3 f6 27. Nc2 Bc5
28. Rd1 Bxe3 29. Nxe3 Kf8 30. h3 Bg8 31. f4 Rxd1+ 32. Qxd1 Nd7 33. Nf5 Qc5+ 34.
Kh2 Be6 35. Nxg7 Kxg7 36. f5 Bxf5 37. exf5 Ne5 38. Qd8 Qb4 39. Qc7+ Kg8 40.
Qd8+ Kg7 41. Qc7+ Nf7 42. Bf3 Qxb3 43. Bh5 b5 44. axb5 cxb5 45. Bxf7 Qxf7 46.
Qxa5 Qd7 47. Qb4 h5 48. g4 Qc7+ 49. Kg2 h4 50. Kf3 Qg3+ 51. Ke4 Qe5+ 52. Kd3
Qg3+ 53. Ke4 Qe5+ 54. Kd3 Qg3+ 55. Ke4 1/2-1/2

[Event "WchT 9th"]
[Site "Antalya"]
[Date "2013.11.28"]
[Round "3.2"]
[White "Kamsky, Gata"]
[Black "Movsesian, Sergei"]
[Result "1/2-1/2"]
[WhiteElo "2721"]
[BlackElo "2700"]
[PlyCount "106"]
[EventDate "2013.11.26"]
[EventType "team-tourn"]
[EventRounds "9"]
[EventCountry "TUR"]
[SourceTitle "CBM 158"]
[Source "ChessBase"]
[SourceDate "2014.01.16"]
[SourceVersion "1"]
[SourceVersionDate "2014.01.16"]
[SourceQuality "1"]
[WhiteTeam "US of America"]
[BlackTeam "Armenia"]
[WhiteTeamCountry "USA"]
[BlackTeamCountry "ARM"]

1. d4 Nf6 2. Nf3 d5 3. c4 e6 4. Nc3 Bb4 5. e3 O-O 6. Bd3 c5 7. O-O cxd4 8. exd4
dxc4 9. Bxc4 b6 10. Bg5 Bb7 11. Rc1 Nbd7 12. Re1 Rc8 13. Bd3 h6 14. Bh4 Be7 15.
Bb1 Re8 16. Qd3 Nf8 17. Ne5 Nh5 18. Bg3 Nxg3 19. hxg3 Qd6 20. a3 Red8 21. Rcd1
Bf6 22. Qe3 Qc7 23. f4 Be7 24. Ba2 a6 25. Rd3 Bd6 26. Kh2 Bxe5 27. fxe5 Rd7 28.
Rd2 Rcd8 29. Ne2 Nh7 30. Nf4 Ng5 31. Bb1 Qc6 32. Red1 Ba8 33. g4 Bb7 34. d5
exd5 35. Rd4 Qc7 36. Ba2 Re8 37. Nxd5 Bxd5 38. Rxd5 Rde7 39. Qf4 Kh8 40. Rc1
Qb8 41. Bc4 b5 42. Bd3 Rxe5 43. Rxe5 Rxe5 44. Bf5 Re8 45. Qxb8 Rxb8 46. Kg3 Ne6
47. Rc6 a5 48. Bxe6 fxe6 49. Rxe6 Rd8 50. Re5 Rd3+ 51. Kf4 Rb3 52. Kf5 Kh7 53.
Re2 a4 1/2-1/2